Oeuvres complètes de Thucydide et de Xénophon / (Record no. 166715)

MARC details
000 -LEADER
campo de control de longitud fija 00893nam a2200229 i 4500
001 - NÚMERO DE CONTROL
campo de control 166715
003 - IDENTIFICADOR DE NÚMERO DE CONTROL
campo de control ES-MaACL
005 - FECHA Y HORA DE LA ÚLTIMA TRANSACCIÓN
campo de control 20230906213403.0
008 - DATOS DE LONGITUD FIJA--INFORMACIÓN GENERAL
campo de control de longitud fija 031006s1839 fr |||| | fre d
040 ## - FUENTE DE CATALOGACIÓN
Centro catalogador/agencia de origen CCPB | B
Lengua de catalogación spa
Centro/agencia transcriptor CCPB | B
100 0# - ENTRADA PRINCIPAL--NOMBRE DE PERSONA
Nombre de persona Tucidides.
9 (RLIN) 111626
245 10 - MENCIÓN DEL TÍTULO
Título Oeuvres complètes de Thucydide et de Xénophon /
Mención de responsabilidad, etc. avec notices biographiques par J.A.C. Buchon.
260 ## - PUBLICACIÓN, DISTRIBUCIÓN, ETC.
Lugar de publicación, distribución, etc. Paris :
Nombre del editor, distribuidor, etc. Auguste Desrez, imprimeur-éditeur,
Fecha de publicación, distribución, etc. 1839 (
Lugar de fabricación/manufactura Batignolles-Monceaux :
Fabricante imprimerie d'Auguste Desrez et C.\pie\s)
300 ## - DESCRIPCIÓN FÍSICA
Extensión XVI, 818 p. ;
Dimensiones 25 cm.
490 1# - MENCIÓN DE SERIE
Mención de serie Panthéon Littéraire. Littérature grecque. Histoire
651 #4 - PUNTO DE ACCESO ADICIONAL DE MATERIA--NOMBRE GEOGRÁFICO
Nombre geográfico Grecia-
Subdivisión general Historia.
9 (RLIN) 8777
700 0# - ENTRADA AGREGADA--NOMBRE PERSONAL
Nombre de persona Jenofonte.
9 (RLIN) 66312
700 1# - ENTRADA AGREGADA--NOMBRE PERSONAL
Nombre de persona Buchon, Jean-Alexandre.
9 (RLIN) 126221
830 0# - PUNTO DE ACCESO ADICIONAL DE SERIE-TÍTULO UNIFORME
Título uniforme Panthéon Littéraire. Littérature grecque. Histoire
9 (RLIN) 188394
852 ## - LOCALIZACIÓN
Ubicación ES-MaACL
Número de control de estantería G-13582
Nota libre -- Enc. hol.
Holdings
Estatus retirado Estado de pérdida Estado de daño No para préstamo Colección Biblioteca de origen Biblioteca actual Ubicación en estantería Fecha de adquisición Fuente de adquisición Total de préstamos Signatura topográfica completa Código de barras Visto por última vez Precio de reemplazo Tipo de ítem Koha
        Libros del s. XIX Biblioteca del Ateneo de Madrid Biblioteca del Ateneo de Madrid Sala Pecera Planta 3 17/01/2008     G-13582 1174848 23/02/2023 23/02/2023 Libro impreso antiguo